Osiedla Bałtut - Statystyki

Ogólne statystyki
  • Ten quiz został rozwiązany 4 razy
  • Średni wynik to 2 z 8
Statystyki odpowiedzi
Osiedle % Poprawnych
Radogoszcz
100%
Bałuty-Centrum
25%
Bałuty-Doły
25%
Łagiewniki
25%
Teofilów Wielkopolska
25%
Bałuty-Zachodnie
0%
Julianów-Marysin-Rogi
0%
Wzniesień Łódzkich
0%
Nie znaleziono quizów pasujących do podanych kryteriów
Rozkład punktacji
Procent ludzi z każdym wynikiem
Percentyl według liczby udzielonych odpowiedzi
Twoja historia wyników
Nie rozwiązałeś tego quizu